ARRUPE JESUIT UNIVERSITY

CORONAVIRUS -STOP THE SPREAD - CLEAN,DISINFECT,COVER

The Impact of economic sanctions against South Africa / (Record no. 125384)

MARC details
000 -LEADER
fixed length control field 01291cam a2200325 a 4500
001 - CONTROL NUMBER
control field 2467803
003 - CONTROL NUMBER IDENTIFIER
control field ARRUPE
005 - DATE AND TIME OF LATEST TRANSACTION
control field 20160928091249.0
008 - FIXED-LENGTH DATA ELEMENTS--GENERAL INFORMATION
fixed length control field 920821s1989 rh 000 0 eng d
010 ## - LIBRARY OF CONGRESS CONTROL NUMBER
LC control number 89981421
020 ## - INTERNATIONAL STANDARD BOOK NUMBER
International Standard Book Number 0908305028
035 ## - SYSTEM CONTROL NUMBER
System control number (OCoLC)21438303
040 ## - CATALOGING SOURCE
Original cataloging agency MiEM
Transcribing agency MiEM
Modifying agency DLC
042 ## - AUTHENTICATION CODE
Authentication code lccopycat
043 ## - GEOGRAPHIC AREA CODE
Geographic area code f-sa---
050 04 - LIBRARY OF CONGRESS CALL NUMBER
Classification number JX1246
Item number .I46 1989
300 ## - PHYSICAL DESCRIPTION
Dimensions 21 cm.
245 04 - TITLE STATEMENT
Title The Impact of economic sanctions against South Africa /
Remainder of title the Starnberger Institute ; foreword by Sir Shridath S. Ramphal.
260 ## - PUBLICATION, DISTRIBUTION, ETC. (IMPRINT)
Place of publication, distribution, etc Harare :
Name of publisher, distributor, etc Nehanda Publishers,
Date of publication, distribution, etc 1989.
300 ## - PHYSICAL DESCRIPTION
Extent iv, 95 p. ;
490 1# - SERIES STATEMENT
Series statement Southern African studies ;
Volume number/sequential designation 2
500 ## - GENERAL NOTE
General note "The economic impact of sanctions against South Africa"--Cover.
650 #0 - SUBJECT ADDED ENTRY--TOPICAL TERM
Topical term or geographic name as entry element Sanctions (International law)
Geographic subdivision South Africa.
9 (RLIN) 26300
651 #0 - SUBJECT ADDED ENTRY--GEOGRAPHIC NAME
Geographic name South Africa
General subdivision Economic conditions
Chronological subdivision 1961-1991.
9 (RLIN) 17879
710 2# - ADDED ENTRY--CORPORATE NAME
Corporate name or jurisdiction name as entry element Starnberger Institut zur Erforschung Globaler Strukturen, Entwicklungen und Krisen.
9 (RLIN) 26301
740 0# - ADDED ENTRY--UNCONTROLLED RELATED/ANALYTICAL TITLE
Uncontrolled related/analytical title Economic impact of sanctions against South Africa.
830 #0 - SERIES ADDED ENTRY--UNIFORM TITLE
Uniform title Southern African studies (Harare, Zimbabwe) ;
Volume number/sequential designation 2.
9 (RLIN) 26302
906 ## - LOCAL DATA ELEMENT F, LDF (RLIN)
a 7
b cbc
c copycat
d 4
e ncip
f 19
g y-gencatlg
942 ## - ADDED ENTRY ELEMENTS (KOHA)
Source of classification or shelving scheme Library of Congress Classification
Koha item type Monograph ( Printed materials)
Holdings
Withdrawn status Lost status Source of classification or shelving scheme Damaged status Not for loan Collection code Home library Current library Shelving location Date acquired Total Checkouts Full call number Barcode Date last seen Price effective from Koha item type
    Library of Congress Classification     Main Collection ARRUPE LIBRARY ARRUPE LIBRARY Main Collection 28/09/2016   JX1246 .I46 1989 46500010673 26/06/2018 28/09/2016 Monograph ( Printed materials)

 

Arrupe Library. PO Box MP320 Mt Pleasant, Harare, Zimbabwe
263 242 745411|librarian@aju.ac.zw